000 00523nam a2200169 i 4500
001 32987
003 ES-MaACL
005 20230906154656.0
007 t|
008 030201s1958 sp ||||1| spa d
100 1 _aBentley.
_927789
245 1 0 _aManual de torneria y taller /
_cBentley's ; traducción por José Aymerich Roca.
260 _a[Madrid] :
_bDossat,
_c1958 (
_fJusto López Galán)
300 _aXV, 231 p. :
_bil. ;
_c22 cm.
700 1 _aAymerich Roca, José.
_924182
852 _aES-MaACL
_jC-15081
_bR.43133
999 _c32987
_d32987